Minimálna mzda a jej zmeny od 1. októbra

Pohľad na minimálnu mzdu u nás po 1. októbri 2002. Funkcie minimálnej mzdy. Príklad. Vývoj minimálnej mzdy u nás od roku 1991 do roku 2002. Mesačná minimálna mzda v jednotlivých krajinách EÚ v euromene.

Salvato in:
Dettagli Bibliografici
Autore principale: Tekulová, Zuzana
Natura: Capitolo di libro
Lingua:slovacco
Soggetti:
Tags: Aggiungi Tag
Nessun Tag, puoi essere il primo ad aggiungerne!!

MARC

LEADER 00000naa a2200000 4500
001 r046534
005 20230925130102.1
041 0 |a slo 
044 |a SK 
245 1 0 |a Minimálna mzda a jej zmeny od 1. októbra  |c Zuzana Tekulová 
520 |a Pohľad na minimálnu mzdu u nás po 1. októbri 2002. Funkcie minimálnej mzdy. Príklad. Vývoj minimálnej mzdy u nás od roku 1991 do roku 2002. Mesačná minimálna mzda v jednotlivých krajinách EÚ v euromene. 
610 2 0 |a mzdy minimálne 
610 2 0 |a vývoj mzdový 
610 2 0 |a Slovensko 
610 2 0 |a Európska únia 
100 1 |a Tekulová, Zuzana